[Event "POL-chT 2nd League"]
[Site "Ustron"]
[Date "2008.09.14"]
[Round "8.95"]
[White "Filipkowska, Martyna"]
[Black "Pacak, Patrycja"]
[Result "1-0"]
[WhiteElo "1580"]
[BlackElo "1771"]
[PlyCount "109"]
[EventDate "2008.09.06"]
[EventType "team-swiss"]
[EventRounds "9"]
[EventCountry "POL"]
[SourceTitle "EXT 2015"]
[Source "ChessBase"]
[SourceDate "2014.11.20"]
[SourceVersion "1"]
[SourceVersionDate "2014.11.20"]
[SourceQuality "1"]
[WhiteTeam "Lomza Devo Maraton"]
[BlackTeam "Czestochowa UKS Hetman"]
[WhiteTeamCountry "POL"]
[BlackTeamCountry "POL"]

1. c4 e5 2. Nc3 Nc6 3. Nf3 g6 4. g3 Bg7 5. Bg2 d6 6. 0-0 f5 7. d3 Nf6 8. Qb3 h6 9. e4 0-0 10. Be3 g5 11. exf5 Ne7 12. Nd2 Nxf5 13. Nde4 Ng4 14. Rae1 c6 15. h3 Nf6 16. Kh2 g4 17. Nxf6+ Bxf6 18. hxg4 Nxe3 19. Rxe3 Bg5 20. Rf3 Rxf3 21. Bxf3 Qf6 22. Kg2 Rb8 23. Ne4 Qg6 24. Qd1 Bd7 25. d4 Bxg4 26. Nxg5 Bxf3+ 27. Nxf3 e4 28. Nh4 Qg5 29. Qe2 d5 30. cxd5 cxd5 31. f3 Rf8 32. fxe4 Rxf1 33. Qxf1 dxe4 34. Qc4+ Kg7 35. Qc7+ Kf8 36. Qc8+ Kf7 37. Qxb7+ Ke6 38. Qxe4+ Kd6 39. Qf4+ Kd5 40. Qf7+ Kd6 41. Nf5+ Kc6 42. Qc4+ Kd7 43. Qd5+ Kc7 44. Qd6+ Kb7 45. Nxh6 Qh5 46. Qe7+ Ka6 47. Qf6+ Kb7 48. Qf7+ Qxf7 49. Nxf7 Kc6 50. g4 Kd5 51. g5 Ke6 52. g6 Kf6 53. Ne5 Kg7 54. d5 a5 55. d6 1-0

[Event "POL-ch U16 Girls"]
[Site "Leba"]
[Date "2008.04.05"]
[Round "10"]
[White "Pacak, Patrycja"]
[Black "Bakalarczyk, Jolanta"]
[Result "1-0"]
[WhiteElo "1759"]
[BlackElo "1600"]
[PlyCount "86"]
[EventDate "2008.03.29"]
[EventType "swiss"]
[EventRounds "11"]
[EventCountry "POL"]
[SourceTitle "CBM 123 Extra"]
[Source "ChessBase"]
[SourceDate "2008.05.06"]
[SourceVersion "1"]
[SourceVersionDate "2008.05.06"]
[SourceQuality "1"]

1. e4 c6 2. d4 d5 3. exd5 cxd5 4. Nc3 Nc6 5. Bb5 e6 6. Nf3 Nf6 7. Ne5 Bd7 8. Bg5 Be7 9. f3 0-0 10. Qd2 Qc7 11. Bf4 Bd6 12. Bxc6 bxc6 13. Nd3 Rab8 14. Bxd6 Qxd6 15. 0-0 Bc8 16. Rfe1 Nd7 17. Na4 Bb7 18. Nac5 Nxc5 19. Nxc5 Qc7 20. Re5 Bc8 21. c3 Re8 22. Rg5 Qe7 23. Re1 f6 24. Rg3 Qf8 25. b3 e5 26. Qh6 Kh8 27. Qh5 Kg8 28. Nd3 Ba6 29. Nb4 exd4 30. Rxe8 Rxe8 31. Nxa6 Re1+ 32. Kf2 Qe7 33. f4 dxc3 34. Rxc3 d4 35. Rd3 c5 36. Nxc5 g6 37. Qd5+ Kh8 38. Qxd4 Qe2+ 39. Kg3 Kg7 40. Ne4 Kh6 41. Nxf6 Qe6 42. Ng4+ Kh5 43. Qd5+ Qf5 1-0